GRUMPY MONKEY (Record no. 795309)

MARC details
000 -LEADER
fixed length control field 00604nam a22001937b 4500
003 - CONTROL NUMBER IDENTIFIER
control field 3228
005 - DATE AND TIME OF LATEST TRANSACTION
control field 20260327104700.0
008 - FIXED-LENGTH DATA ELEMENTS--GENERAL INFORMATION
fixed length control field 260327b sa a||a| |||| 00| 0 eng d
020 ## - INTERNATIONAL STANDARD BOOK NUMBER
International Standard Book Number 9780593434642 (paperback)
040 ## - CATALOGING SOURCE
Original cataloging agency MPL
Language of cataloging English
Transcribing agency 3228
Description conventions Resource Description and Access
041 ## - LANGUAGE CODE
Language code of text/sound track or separate title English
082 #0 - DEWEY DECIMAL CLASSIFICATION NUMBER
Classification number EJF LANG
100 ## - MAIN ENTRY--PERSONAL NAME
9 (RLIN) 198959
Personal name Lang, Suzanne
Relator term author
245 ## - TITLE STATEMENT
Title GRUMPY MONKEY
Remainder of title The Egg-Sitter
Statement of responsibility, etc. by Lang Suzanne ; illustrated by Lang Max
260 ## - PUBLICATION, DISTRIBUTION, ETC.
Place of publication, distribution, etc. New York :
Name of publisher, distributor, etc. Random House ,
Date of publication, distribution, etc. © 2023
300 ## - PHYSICAL DESCRIPTION
Extent 31 pages :
Other physical details color illustrations ;
Dimensions 22 cm
700 ## - ADDED ENTRY--PERSONAL NAME
9 (RLIN) 198960
Personal name Lang, Max
Relator term illustrator
942 ## - ADDED ENTRY ELEMENTS
Source of classification or shelving scheme Dewey Decimal Classification
item type Book
-- 165
-- Lerato Kwadi
-- 165
-- Lerato Kwadi
Holdings
Withdrawn status Lost status Source of classification or shelving scheme Damaged status Not for loan Collection code Home library Current library Shelving location Date acquired Full call number Barcode Date last seen Price effective from item type
    Dewey Decimal Classification     Fiction Middelburg Regional Library Ga-Nala PL (MMID-PLEM-GANA) Fiction 27.03.2026 EJF LANG 3228200083171 27.03.2026 27.03.2026 Book